| 000 | 01061nab a2200313 4500 | ||
|---|---|---|---|
| 003 | BR-BrBNA | ||
| 005 | 20240509111952.0 | ||
| 008 | 240509b bl.||||| |||| 00| 0 por d | ||
| 040 |
_aBR-BrBNA _bpor |
||
| 072 | _aP10 ; F06 ; N20 | ||
| 100 | _aSilva, Elcides Rodrigues da | ||
| 100 | _aLemos Filho, Marco Antônio F. | ||
| 100 | _aZanini, José Renato | ||
| 245 |
_aA importância da qualidade da água _bIrrigação |
||
| 500 | _a4 ref.; 17 illus.; 1 table | ||
| 650 | _aMANEJO DA ÁGUA | ||
| 650 | _aÁGUA DE IRRIGAÇÃO | ||
| 650 | _aQUALIDADE DA ÁGUA | ||
| 650 | _aANÁLISE QUÍMICA | ||
| 650 | _aANÁLISE FÍSICA | ||
| 650 | _aANÁLISE BIOLÓGICA | ||
| 650 | _aIRRIGAÇÃO LOCALIZADA | ||
| 650 | _aEQUIPAMENTO DE IRRIGAÇÃO | ||
| 650 | _aAERAÇÃO | ||
| 650 | _aFILTRO | ||
| 773 | 0 |
_04769 _9314639 _dBebedouro - SP Grupo Técnico de Assistência e Consultoria em Citrus 2001 _o2024-0891 _tCiência e Pratica (Brazil) _gv. 9(32) p. 19-26; (Jan-Mar 2009) _wBR2024001013 |
|
| 942 | _cAnalítica | ||
| 999 |
_c299511 _d299511 |
||